Normal view
MARC view
Entry Topical Term
001 - CONTROL NUMBER
- control field: 12274
003 - CONTROL NUMBER IDENTIFIER
- control field: BD-RjUL
005 - DATE AND TIME OF LATEST TRANSACTION
- control field: 20240313102140.0
008 - FIXED-LENGTH DATA ELEMENTS
- fixed length control field: 240313|| aca||aabn | a|a d
040 ## - CATALOGING SOURCE
- Original cataloging agency: BD-RjUL
- Transcribing agency: BD-RjUL
150 ## - HEADING--TOPICAL TERM
- Topical term or geographic name entry element: Social Problems
- Form subdivision: Housing scrvices
670 ## - SOURCE DATA FOUND
- Source citation: Work cat.: (BD-RjUL)83336: Ashrafuzzaman, Md. 1200, Rehabilitation of the Rural Destitute Households An Assessment of the Adarsha Gram in Rajshahi-Zone /, 2007